01606 2200433 4500001002100000005001500021035002000036007000300056008004100059020002200100082001600122084001800138100003700156245029700193250002600490300003900516650001700555700004600572700003900618700002900657700002500686700004100711700003800752700003400790700003100824700003000855700003600885264003000921336002100951337003000972338002301002040002201025090002201047850001201069504002501081999002201106990002201128990002201150INLIS00000000089480120251022084611 a0010-0425000050ta250408s2024 yoia g 1 ind d a978-979-21-8072-504223a006.754 a006.754 HAR i0 aHaris Nusa Bela, Abd.ePengarang10aIdentitas dan budaya dalam masyarakat berjejaring /cAbd. Haris Nusa Bela, Adelia Septiani Restanti Tania, Adhani Juniasyaroh Emha, Agung Sandidi, Aly Mecca, Anugrah Pambudi Wicaksono, Arida Khusnul Khotimah, Arif Zuhdi Winarto, Asmi Nur Aisyah; penyunting, Ratna Noviani, Stefanus Suprajitno aCetakan pertama, 2024 axl, 560 halaman :bgambar ;c23 cm 4aMedia sosial0 aAdelia Septiani Restanti TaniaePengarang0 aAdhani Juniasyaroh EmhaePengarang0 aAgung SandidiePengarang0 aAly MeccaePengarang0 aAnugrah Pambudi WicaksonoePengarang0 aArida Khusnul KhotimahePengarang0 aArif Zuhdi WinartoePengarang0 aAsmi Nur AisyahePengarang0 aRatna NovianiePenyunting0 aStefanus SuprajitnoePenyunting31aSleman :bKanisius,c2024 2rdacontentateks 2rdamediaatanpa perantara 2rdacarrieravolume aYOPDYOGbinderda aCB-D.11 2024-5900 aYOPDYOG aTermasuk blibiografi aCB-D.11/2024-5900 aCB-D.11/2024-5900 aCB-D.11/2024-5900